000 00956nam a22002537a 4500
005 20090604135523.0
008 090604t xxu||||| |||| 00| 0 eng d
010 _aENG-93869
020 _a9788178001535
_c250.00
035 _aEN-77402
037 _bDBAD / PUB
040 _adpl
_bEnglish
082 _a620.00151
100 _aRao, P.B. Bhaskar
245 _aEngineering mathematics-I /
_cby P.B. Bhaskar Roa, S.K.V.S. Sri Ramachary [and] M. Bhujanga Rao
250 _a2nd ed.
260 _aHyderabad
_bBS Publications
_c2008
270 _a4-4-3-9, Giriraj Lane, Sultan Bazar,
_bHyderabad
_e500095
300 _aix, 662p.
_c25cm(pbk)
700 _aRamachary, S.K.V.S.
700 _aRao, M. Bhujanga
942 _2ddc
_cEN
_h620.00151
_mRAO
999 _c27219
_d27219